Welcome to CU Library Online Public Access Catalogue (OPAC)

The Writer's Craft (Record no. 9598)

MARC details
000 -LEADER
fixed length control field 00390nam a22001457a 4500
005 - DATE AND TIME OF LATEST TRANSACTION
control field 20260423175317.0
008 - FIXED-LENGTH DATA ELEMENTS--GENERAL INFORMATION
fixed length control field 260423b |||||||| |||| 00| 0 eng d
020 ## - INTERNATIONAL STANDARD BOOK NUMBER
International Standard Book Number 0812386647
020 ## - INTERNATIONAL STANDARD BOOK NUMBER
International Standard Book Number 9780812386646
050 ## - LIBRARY OF CONGRESS CALL NUMBER
Classification number PN151 WRI
100 ## - MAIN ENTRY--PERSONAL NAME
Personal name McDougal, Littell
245 ## - TITLE STATEMENT
Title The Writer's Craft
Statement of responsibility, etc. McDougal Littell
260 ## - PUBLICATION, DISTRIBUTION, ETC.
Place of publication, distribution, etc. Dallas
Name of publisher, distributor, etc. McDougal, Littell & Company
Date of publication, distribution, etc. 1995
942 ## - ADDED ENTRY ELEMENTS (KOHA)
Source of classification or shelving scheme Library of Congress Classification
Koha item type Books
Suppress in OPAC No
999 ## -
-- 9598
-- 9598
Holdings
Withdrawn status Lost status Source of classification or shelving scheme Damaged status Not for loan Collection Home library Current library Shelving location Date acquired Total checkouts Full call number Barcode Date last seen Copy number Price effective from Koha item type
    Library of Congress Classification     Non-fiction Business Library (Miotso) Business Library (Miotso) General stacks 03/27/2026   PN151 WRI BSSM00003720 04/23/2026 1 03/27/2026 Books
    Library of Congress Classification     Non-fiction Business Library (Miotso) Business Library (Miotso) General stacks 03/27/2026   PN151 WRI BSSM00003721 04/23/2026 2 03/27/2026 Books
    Library of Congress Classification     Non-fiction Business Library (Miotso) Business Library (Miotso) General stacks 03/27/2026   PN151 WRI BSSM00003732 04/23/2026 3 03/27/2026 Books
© 2023-2024 Copyright: Central University Libraries. All Rights Reserved | Created by: Mahone Tech Office